| 000 -LEADER |
| fixed length control field |
00419cam a22001217a 4500 |
| 008 - FIXED-LENGTH DATA ELEMENTS--GENERAL INFORMATION |
| fixed length control field |
180718bv.p. xxu||||| |||| 00| 0 eng d |
| 082 ## - DEWEY DECIMAL CLASSIFICATION NUMBER |
| Classification number |
T19x54 M584 |
| 245 ## - TITLE STATEMENT |
| Title |
Mid-year review |
| Statement of responsibility, etc. |
by Ministry of Finance. Economic Division |
| 260 ## - PUBLICATION, DISTRIBUTION, ETC. |
| Place of publication, distribution, etc. |
New Delhi |
| Name of publisher, distributor, etc. |
The author |
| Date of publication, distribution, etc. |
v.p. |
| 500 ## - GENERAL NOTE |
| General note |
Library has November 2002, December 2004 |
| 650 ## - SUBJECT ADDED ENTRY--TOPICAL TERM |
| Topical term or geographic name entry element |
India - Economic conditions |
| 700 ## - ADDED ENTRY--PERSONAL NAME |
| Personal name |
India. Ministry of Finance. Economic Division |